Changing language education through call

Αποθηκεύτηκε σε:
Λεπτομέρειες βιβλιογραφικής εγγραφής
Κύριος συγγραφέας: Donaldson, Randall P. 1945-
Άλλοι συγγραφείς: Haggstrom, Margaret Austin
Μορφή: Βιβλίο
Γλώσσα:English
Δημοσίευση: [Abingdon] : [Routledge], [2006]
Σειρά:Routledge studies in computer assisted language learning
Θέματα:
Ετικέτες: Προσθήκη ετικέτας
Δεν υπάρχουν, Καταχωρήστε ετικέτα πρώτοι!

MARC

LEADER 00000nam a2200000 i 4500
001 1/95203
008 081010s2006 eng d
020 |a 978-0-415-36187-3 (hbk) 
020 |a 0-415-36187-7 (hbk) 
035 |l 10100778 
040 |a GR-MY-UA  |b gre  |e aacr 
041 0 |a eng 
082 0 |a 418.00285  |2 (22) 
100 1 |a Donaldson, Randall P.  |d 1945- 
245 1 0 |a Changing language education through call /  |c Randall P. Donaldson and Margaret A. Haggstrom 
260 |a [Abingdon] :   |b [Routledge],   |c [2006] 
300 |a xii, 285 σ.;  |c 24 εκ. 
490 1 |a Routledge studies in computer assisted language learning 
504 |a Περιλαμβάνει βιβλιογραφίες και ευρετήριο 
650 0 0 |a Language and languages  |x Computer-assisted instruction. 
650 0 0 |a Language arts  |x Evaluation. 
650 0 0 |a Language and the Internet. 
700 1 |a Haggstrom, Margaret Austin. 
830 0 |a Routledge studies in computer assisted language learning 
852 |a INST  |b RHODES  |e 20081010  |h 418.00285 DON  |p 005400030858  |q 005400030858  |t BK  |y 0 
901 |a BIBL4-2008-3 
909 |a Ρ  |b 153855 
922 |a 4ΕΛΗ  |b 200809  |c ΕΠΕΑΕΚ2/ΠΤΔΕ  |d ΜΙΧΑΛΟΠΟΥΛΟΣ 
970 |a ΧΑΡΙΟΠΟΛΙΤΟΥ  |b ΚΩΝΣΤΑΝΤΙΝΑ  |z 2008/10/10